Maintenance workers warned (Record no. 77694)

MARC details
000 -LEADER
fixed length control field 01035cab a2200205 4500
001 - CONTROL NUMBER
control field ##L134891
008 - FIXED-LENGTH DATA ELEMENTS--GENERAL INFORMATION
fixed length control field 060908n2006 000 0 eng u
035 ## - SYSTEM CONTROL NUMBER
System control number (Sirsi) u134891
041 0# - LANGUAGE CODE
Language code of text/sound track or separate title eng
110 2# - MAIN ENTRY--CORPORATE NAME
Corporate name or jurisdiction name as entry element Great Britain
Subordinate unit Health and Safety Executive
245 00 - TITLE STATEMENT
Title Maintenance workers warned
Remainder of title don't take the gamble with asbestos
260 ## - PUBLICATION, DISTRIBUTION, ETC.
Date of publication, distribution, etc. 2006
490 #0 - SERIES STATEMENT
Series statement Health and Safety Executive Press Release
Volume/sequential designation 7 September 2006
520 ## - SUMMARY, ETC.
Summary, etc. The Health and Safety Executive (HSE) has launched a campaign entitled Don't take the gamble, which is aimed at raising awareness of the dangers of asbestos amongst maintenance workers. In connection with the campaign, the HSE has created a one-stop-shop asbestos website offering advice on the subject (see L135001)
590 ## - LOCAL NOTE (RLIN)
Local note IKA190906, KA
651 #4 - SUBJECT ADDED ENTRY--GEOGRAPHIC NAME
Geographic name GREAT BRITAIN
690 ## - LOCAL SUBJECT ADDED ENTRY--TOPICAL TERM (OCLC, RLIN)
Topical term or geographic name as entry element MANAGEMENT-HEALTH AND SAFETY-HAZARDOUS SUBSTANCES-ASBESTOS
856 40 - ELECTRONIC LOCATION AND ACCESS
Uniform Resource Identifier <a href="https://www.hse.gov.uk/press/2006/e06091.htm">https://www.hse.gov.uk/press/2006/e06091.htm</a>
Public note View the press release free of charge at the www.hse.gov.uk website.
942 ## - ADDED ENTRY ELEMENTS (KOHA)
Suppress in OPAC 0
Holdings
Withdrawn status Lost status Source of classification or shelving scheme Damaged status Not for loan Home library Current library Shelving location Date acquired Total Checkouts Full call number Barcode Date last seen Copy number Price effective from Koha item type
    Dewey Decimal Classification     Virtual Virtual Online 08/09/2006   ONLINE PUBLICATIONS 134891-1001 06/08/2019 1 06/08/2019 Journal article